000 01015nam a22003017a 4500
001 5309
003 FISKH
005 20241125152834.0
008 241125b cb ||||| |||| 00| 0 eng d
020 _a9781849920438
040 _aFISKH
_beng
_cFISKH
_dFISKH
050 _aPZ7.B69677
082 _a823.92
100 _aBoyne, John
245 _aThe Boy in the Striped Pajamas /
_cby John Boyne
260 _aLondon :
_bRandom House ;
_c2006 .
300 _a215 pages :
_billustrations ;
_c21 cm .
490 _aThe Boy in the Striped Pajamas
_vBook 1
505 _aS
520 _ared and lonely after his family moves from Berlin to a place called "Out-With" in 1942, Bruno, the son of a Nazi officer, befriends a boy in striped pajamas who lives behind a wire fence.
521 8 _a790
_bLexile estimate
521 8 _aS
_bRaz-Plus
650 _aconcentration camps
_vFiction
650 _aHolocaust
_vFiction
700 _aBeck, Laura
_etranslator
942 _2ddc
_cBK
_n0
999 _c5309
_d5309